000
00304nam a2200121Ia 4500
008
190722s9999 xx 000 0 und d
020
_a
978-81-207-7434-6
100
_a
Prof.Lallan Prasad
245
0
_a
Managing Human Resource
260
_a
India
_b
Sterling Publisher
_c
2012
300
_a
442
942
_c
BK
999
_c
558
_d
558